[Event "4th London Classic Open"]
[Site "London ENG"]
[Date "2012.12.05"]
[Round "5"]
[White "Berthier,H"]
[Black "Zimmermann,Ju"]
[Result "0-1"]
[WhiteElo "2220"]
[BlackElo "2299"]

1.d4 Nf6 2.c4 g6 3.Nc3 Bg7 4.e4 d6 5.Nf3 O-O 6.Be2 e5 7.d5 a5 8.Bg5 Na6 9.Nd2 c6
10.O-O Bd7 11.Rb1 Nc5 12.f3 Qb8 13.b3 Rc8 14.Na4 Nxa4 15.bxa4 Rc7 16.Be3 c5
17.Rb6 Qf8 18.g4 Ne8 19.Qb3 Bc8 20.Bd3 Qe7 21.g5 f5 22.h4 f4 23.Bf2 h6 24.gxh6 Bf6
25.Re1 Bxh4 26.Kf1 Bxf2 27.Kxf2 Qh4+ 28.Ke2 Rh7 29.Qb5 Qe7 30.Rh1 Nf6 31.Ke1 Nd7
32.Rxb7 Bxb7 33.Qxb7 Qd8 34.Qc6 Nb6 35.Bf1 Rb8 36.Bh3 Rc7 37.Be6+ Kh7 38.Qb5 Qg5
39.Qxa5 Qe7 40.Qb5 Qd8 41.a5 Ra7 42.Nb3 Nxd5 43.Bxd5 Rxb5 44.cxb5 Rxa5 45.Nxa5 Qxa5+
46.Kf2 Qd2+ 47.Kf1 Qd1+ 48.Kg2 Qe2+ 49.Kg1 Qe1+ 50.Kg2 Qg3+ 51.Kf1 Qxf3+
52.Kg1 Qg3+ 53.Kf1 f3 54.Rg1 Qh3+  0-1

[Event "4th London Classic Open"]
[Site "London ENG"]
[Date "2012.12.05"]
[Round "5.9"]
[White "Hamitevici,V"]
[Black "Ledger,D"]
[Result "1-0"]
[WhiteElo "2440"]
[BlackElo "2266"]

1.d4 Nf6 2.c4 g6 3.Nc3 Bg7 4.e4 d6 5.Nf3 O-O 6.Be2 e5 7.Be3 h6 8.O-O Ng4
9.Bc1 Nc6 10.d5 Ne7 11.Ne1 h5 12.h3 Nh6 13.f4 exf4 14.Bxf4 f5 15.Qd2 Nf7
16.Nf3 Be5 17.exf5 Bxf5 18.Nxe5 Nxe5 19.Bxe5 dxe5 20.g4 hxg4 21.hxg4 Bd7
22.Qg5 Rf4 23.Qxe5 Rxg4+ 24.Bxg4 Bxg4 25.Qg5 Bf5 26.Rae1 Kf7 27.Re6 Ke8 28.Rxf5 gxf5
29.d6  1-0

[Event "4th London Classic Open"]
[Site "London ENG"]
[Date "2012.12.06"]
[Round "6.6"]
[White "Sarakauskas,G"]
[Black "Gundavaa,B"]
[Result "0-1"]
[WhiteElo "2408"]
[BlackElo "2530"]

1.d4 Nf6 2.Nf3 g6 3.c4 Bg7 4.Nc3 O-O 5.e4 d6 6.Be2 Na6 7.O-O e5 8.Re1 c6
9.Bf1 Ng4 10.h3 exd4 11.Nxd4 Qb6 12.hxg4 Qxd4 13.g5 Qe5 14.g3 Qe7 15.Be3 Nc5
16.Bd4 Qxg5 17.Bxg7 Kxg7 18.Qxd6 Rd8 19.Qf4 Qxf4 20.gxf4 Bg4 21.Re3 a5 22.f3 Bh5
23.Ne2 Rd2 24.Rb1 Rad8 25.Ng3 Ne6 26.f5 Nf4 27.e5 gxf5 28.Nxf5+ Kh8 29.Nd6 Rg8+
30.Kh1 Rf2 31.c5 Bxf3+ 32.Rxf3 Rxf3 33.Nxf7+ Kg7 34.Nd6 Kf8 35.Nxb7 Rg5 36.Nxa5 Rfg3
37.Kh2 R3g4  0-1

[Event "4th London Classic Open"]
[Site "London ENG"]
[Date "2012.12.06"]
[Round "6"]
[White "Baasansuren,Erdene"]
[Black "De Coverly,R"]
[Result "1-0"]
[WhiteElo "1795"]
[BlackElo "2038"]

1.d4 Nf6 2.c4 g6 3.Nc3 Bg7 4.e4 d6 5.Nf3 O-O 6.Be2 e5 7.Be3 exd4 8.Nxd4 Re8
9.f3 Nc6 10.O-O Nh5 11.Nxc6 bxc6 12.Qd2 Bb7 13.Rad1 c5 14.Rfe1 Qe7 15.Bf1 a6
16.Qc2 Qf8 17.Qc1 f5 18.exf5 Qxf5 19.Nd5 Qf7 20.Kh1 Nf6 21.b3 Kh8 22.Qd2 Nxd5
23.cxd5 Re5 24.Bc4 Rae8 25.Re2 Rh5 26.Bg1 Rxe2 27.Qxe2 Be5 28.g4 Rh4 29.Qe4 Bc8
30.Kg2 h5 31.h3 hxg4 32.fxg4 g5 33.Be3 Rh7 34.Rf1 Qe7 35.Qf3 Bg7 36.Bd2 Rh6
37.Re1 Be5 38.Qe3 Rh7 39.Bc3 Rg7 40.Bxe5 dxe5 41.Qxe5 Qd6 42.Bd3 Bb7 43.Qe8+ Rg8
44.Qh5+ Kg7 45.Qh7+ Kf6 46.Rf1+  1-0

[Event "5th Kolkata Open"]
[Site "Kolkata IND"]
[Date "2012.12.07"]
[Round "5"]
[White "David,Alb"]
[Black "Gokhale,C"]
[Result "1-0"]
[WhiteElo "2607"]
[BlackElo "2236"]

1.d4 d6 2.Nf3 Nd7 3.c4 e5 4.Nc3 Ngf6 5.e4 g6 6.Be2 Bg7 7.O-O O-O 8.Be3 Re8
9.d5 Nh5 10.g3 a5 11.Ne1 Nhf6 12.Nd3 b6 13.f3 Nc5 14.Nf2 h5 15.Qd2 Nh7 16.Bd1 Rf8
17.Kh1 Qe8 18.Bc2 f5 19.exf5 gxf5 20.f4 e4 21.Rg1 Nf6 22.h3 Bd7 23.Bd4 Qg6
24.Rg2 Qh6 25.Rag1 Kf7 26.Nfd1 Rae8 27.Ne3 Ke7 28.a3 Kd8 29.b4 axb4 30.axb4 Nd3
31.Bxd3 exd3 32.Qxd3 Ne4 33.Bxg7 Qxg7 34.Ne2 Qe7 35.Ra1 h4 36.Ra8+ Bc8 37.Nd4 Nf2+
38.Rxf2 Qxe3 39.Qxe3 Rxe3 40.Ne6+ Rxe6 41.dxe6 hxg3 42.Re2 Ke7 43.Ra7  1-0

[Event "5th Kolkata Open"]
[Site "Kolkata IND"]
[Date "2012.12.07"]
[Round "5"]
[White "Laxman,R"]
[Black "Sharma,Di"]
[Result "1/2-1/2"]
[WhiteElo "2456"]
[BlackElo "2387"]

1.Nf3 Nf6 2.c4 g6 3.Nc3 Bg7 4.e4 d6 5.d4 O-O 6.Be2 e5 7.O-O Na6 8.Be3 Ng4
9.Bg5 Qe8 10.h3 f6 11.Bd2 Nh6 12.Re1 Nf7 13.Bf1 c6 14.dxe5 dxe5 15.Rb1 Qe7
16.Qa4 Rd8 17.Be3  1/2-1/2

[Event "22nd TCh-SLO 2012"]
[Site "Slovenia SLO"]
[Date "2012.12.07"]
[Round "7"]
[White "Gruskovnjak,T"]
[Black "Jankovic,A"]
[Result "1/2-1/2"]
[WhiteElo "2388"]
[BlackElo "2535"]

1.d4 Nf6 2.c4 g6 3.Nc3 Bg7 4.e4 d6 5.Nf3 O-O 6.Be2 Na6 7.O-O e5 8.Be3 Ng4
9.Bg5 Qe8 10.dxe5 dxe5 11.Qc1 f6 12.Bd2 f5 13.h3 Nf6 14.exf5 gxf5 15.Bh6 f4
16.Bxg7 Kxg7 17.Re1 e4 18.Ng5 e3 19.fxe3 Qxe3+ 20.Qxe3 fxe3 21.Bf3 Re8 22.Nge4 Nb4
23.Rad1 Nxe4 24.Bxe4 Nxa2 25.Rxe3 Nxc3 26.bxc3 c6 27.Rg3+ Kh8 28.Rd4 c5 29.Rd6 Be6
30.Bxb7  1/2-1/2

[Event "4th London Classic Open"]
[Site "London ENG"]
[Date "2012.12.08"]
[Round "8.4"]
[White "Bartholomew,J"]
[Black "Hebden,M"]
[Result "0-1"]
[WhiteElo "2427"]
[BlackElo "2547"]

1.Nf3 Nf6 2.c4 g6 3.Nc3 Bg7 4.e4 d6 5.d4 O-O 6.Be2 e5 7.O-O Nbd7 8.Be3 Re8
9.Qc2 exd4 10.Nxd4 Nc5 11.f3 Nh5 12.Rad1 Bd7 13.g4 Nf6 14.Kg2 Qc8 15.b4 Ne6
16.Qd2 a5 17.b5 Nc5 18.b6 c6 19.Nc2 Bxg4 20.fxg4 Ncxe4 21.Nxe4 Nxe4 22.Qe1 Qe6
23.Bd4 Nc3 24.Qxc3 Qxe2+ 25.Kh1 Bxd4 26.Nxd4 Qxg4 27.Rf3 Re5 28.Rdf1 Qe4
29.h3 Rae8 30.Kh2 f5 31.R1f2 Qh4 32.Rf4 Qe7 33.Qd2 d5 34.Rg2 Re4 35.Kg1 Qc5
36.Rgf2 Rxf4 37.Qxf4 dxc4 38.Kg2 Qe5 39.Qxe5 Rxe5 40.Kf3 Kf7 41.Rc2 Rc5 42.Ke3 g5
43.Nf3 Kf6 44.a4 c3 45.Kd4 Rd5+ 46.Kc4 Rd1 47.Nd4 g4 48.Kxc3 g3 49.Re2 f4
50.Re4 g2 51.Rxf4+ Ke7 52.Ne2 Re1 53.Kd3 Rxe2 54.Rg4 Ra2 55.Ke3 Kd6  0-1

[Event "22nd TCh-SLO 2012"]
[Site "Slovenia SLO"]
[Date "2012.12.08"]
[Round "8"]
[White "Jankovic,A"]
[Black "Srebrnic,A"]
[Result "1/2-1/2"]
[WhiteElo "2535"]
[BlackElo "2204"]

1.d4 d6 2.Nf3 Nf6 3.c4 g6 4.Nc3 Bg7 5.e4 O-O 6.Be2 e5 7.Be3 Ng4 8.Bg5 f6
9.Bh4 Qe8 10.O-O Na6 11.Re1 Nh6 12.c5 exd4 13.Nxd4 dxc5 14.Nb3 b6 15.Nd5 c6
16.Bxa6 cxd5 17.Bxc8 Rxc8 18.Qxd5+ Qf7 19.Rad1 Rfe8 20.f4 Qxd5 21.Rxd5 Rcd8
22.Rxd8 Rxd8 23.Re2 Kf7 24.Nd2 Rd3 25.Nf3 Ng4 26.h3 Rd1+ 27.Be1 Nh6 28.Kf2 Ng8
29.g4 Ne7 30.Bc3 Nc6 31.g5 h6 32.gxf6 Bxf6 33.e5 Be7 34.e6+ Kf8 35.Kg3 Rd5
36.Be5 Nd4 37.Bxd4 cxd4 38.Ne5 g5 39.Kf3 d3 40.Rd2 gxf4 41.Ng6+ Ke8 42.Nxf4 Rf5
43.Rxd3 Bg5 44.Rd4 Rf6 45.Kg4 Bxf4 46.Rxf4 Rxe6 47.Kh5 Re2 48.Rb4 Re6 49.h4 Kf7
50.Rc4 a6 51.Rc7+ Kg8 52.Ra7 b5 53.b3 Rf6 54.a4 bxa4 55.bxa4 Rc6 56.Rb7 Rc4
57.a5 Rc5+ 58.Kxh6 Rc6+ 59.Kg5 Rc5+ 60.Kf6 Rxa5 61.Kg6 Rb5 62.Rg7+ Kh8 63.Rh7+ Kg8
64.Rg7+  1/2-1/2

[Event "TCh-CZE Div1 Vychod 2012-13"]
[Site "Czech Republic CZE"]
[Date "2012.12.09"]
[Round "4.8"]
[White "Skaroupka,J"]
[Black "Zimniok,L"]
[Result "1/2-1/2"]
[WhiteElo "2188"]
[BlackElo "2145"]

1.Nf3 Nf6 2.c4 g6 3.Nc3 Bg7 4.e4 d6 5.d4 O-O 6.Be2 e5 7.Be3 Nc6 8.d5 Ne7
9.Nd2 Nd7 10.f3 f5 11.b4 f4 12.Bf2 a5 13.a3 axb4 14.axb4 Rxa1 15.Qxa1 g5
16.c5 Nf6 17.Nc4 Ng6 18.Qa5 Ne8 19.cxd6 Nxd6 20.Nxd6 cxd6 21.Qxd8 Rxd8 22.Bb6 Rf8
23.Nb5 Nh4 24.Kf2 Bd7 25.Rc1 Bxb5 26.Bxb5 Ra8 27.Bd7 Ra2+ 28.Kf1 Bf8 29.Be6+ Kg7
30.Bf2 Be7 31.b5 Bd8 32.b6 Rxf2+ 33.Kxf2 Bxb6+ 34.Ke2 Bc5 35.g3 Ng6 36.Rb1 b6
37.Kd3 fxg3 38.hxg3 h5 39.Bf5 h4 40.Bxg6 Kxg6 41.gxh4 gxh4 42.Rb2 Kh5 43.Rh2 b5
44.Ke2  1/2-1/2

[Event "5th Kolkata Open"]
[Site "Kolkata IND"]
[Date "2012.12.09"]
[Round "7"]
[White "Mohota,N"]
[Black "Sharma,Di"]
[Result "1/2-1/2"]
[WhiteElo "2339"]
[BlackElo "2387"]

1.d4 Nf6 2.c4 g6 3.Nc3 Bg7 4.e4 d6 5.Nf3 O-O 6.Be2 Na6 7.O-O e5 8.Be3 Ng4
9.Bg5 Qe8 10.Re1 exd4 11.Nd5 f6 12.Bf4 Ne5 13.Nxd4 Qf7 14.Rc1 Nc5 15.f3 Ne6
16.Nxe6 Bxe6 17.b3 Rfe8 18.Qd2 a5 19.Be3 a4 20.b4 a3 21.b5 c6 22.Nb6 Rad8
23.bxc6 bxc6 24.Qa5 f5 25.Qxa3 fxe4 26.fxe4 Bg4 27.Bf1 Be6 28.Be2 Bg4 29.Bf1 Be6  1/2-1/2

[Event "XI Mario Covas Jr"]
[Site "Santos BRA"]
[Date "2012.12.11"]
[Round "2.1"]
[White "Barreto Filho,C"]
[Black "Milos,G"]
[Result "0-1"]
[WhiteElo "2258"]
[BlackElo "2586"]

1.d4 Nf6 2.c4 g6 3.Nc3 Bg7 4.e4 d6 5.Nf3 O-O 6.Be2 e5 7.O-O Na6 8.Re1 Qe8
9.Bf1 Bg4 10.d5 Nb4 11.Be2 a5 12.Be3 Bd7 13.Nd2 Na6 14.b3 h5 15.h3 Nh7 16.Rb1 Qe7
17.Qc2 f5 18.exf5 gxf5 19.f4 Nb4 20.Qc1 exf4 21.Bxf4 Qf6 22.Nd1 Nxa2 23.Qa3 Nc3  0-1

[Event "III ITT JAHV McGREGOR"]
[Site "Bogota COL"]
[Date "2012.12.12"]
[Round "2.20"]
[White "Pardo,Alejandro"]
[Black "Lopez Idarraga,D"]
[Result "1-0"]
[WhiteElo "2214"]
[BlackElo "2042"]

1.d4 Nf6 2.Nf3 g6 3.c4 Bg7 4.Nc3 O-O 5.e4 d6 6.Be2 Na6 7.O-O e5 8.d5 Nc5
9.Qc2 a5 10.Bg5 h6 11.Bh4 g5 12.Bg3 Nh5 13.b3 f5 14.Nd2 Qe8 15.f3 f4 16.Bf2 b6
17.a3 Qg6 18.Nb5 Rf7 19.b4 Nb7 20.c5 bxc5 21.bxc5 g4 22.fxg4 Bxg4 23.Bxg4 Qxg4
24.Nf3 Bf8 25.cxd6 Rg7 26.Be1 cxd6 27.Ra2 Nc5 28.Nh4 Qd7 29.a4 Nf6 30.Nc3 Rc8
31.Qb1 Qa7 32.Bf2 Ng4 33.Nf5 Rg5 34.Nb5 Qd7 35.Bxc5 Rxc5 36.Rc2 Nf6 37.Rxc5 dxc5
38.Qd3 Qf7 39.h4 Rg6 40.d6  1-0

[Event "4th Penang Heritage City Open"]
[Site "Penang MAS"]
[Date "2012.12.13"]
[Round "6.18"]
[White "Tan,Li Ting"]
[Black "Tamin,U"]
[Result "0-1"]
[WhiteElo "1861"]
[BlackElo "2160"]

1.d4 Nf6 2.c4 g6 3.Nc3 Bg7 4.e4 d6 5.Be2 O-O 6.Nf3 Na6 7.O-O e5 8.d5 Nc5
9.Qc2 a5 10.Ne1 Ne8 11.Be3 b6 12.Nd3 f5 13.f3 f4 14.Bf2 h5 15.a3 g5 16.b4 Nxd3
17.Qxd3 g4 18.Kh1 Qg5 19.Qd2 Bh6 20.c5 bxc5 21.bxc5 Rf7 22.cxd6 cxd6 23.Na4 Bb7
24.Rab1 Rg7 25.Rfd1 Qg6 26.Bf1 Nf6 27.Re1 Ba6 28.Be2 Nxe4 29.fxe4 f3 30.Be3 Bxe3
31.Qxe3 Bxe2 32.Nc3 fxg2+ 33.Kxg2 Bf3+ 34.Kg1 h4 35.Rf1 h3 36.Rb2 Rf8 37.Qf2 g3
38.hxg3 Qxg3+ 39.Qxg3 Rxg3+ 40.Kh2 Rg2+ 41.Rxg2+ Bxg2 42.Re1 Kf7 43.Rb1 Rc8
44.Rb7+ Kf6 45.Nb5 Rd8 46.Rb6 Ke7 47.Rb7+ Rd7 48.Rxd7+ Kxd7 49.Nc3 Ke7 50.Kg3 Kf6
51.Nb5 Bxe4 52.Nxd6 Bg2 53.Nc4 e4 54.Ne3 Ke5 55.Kh2 Kd6 56.Kg3 Bf3 57.Kxh3 Bh5
58.Kg3 Bf7 59.Nc4+ Kxd5 60.Nxa5 Kd6 61.Nc4+ Bxc4  0-1

[Event "III ITT JAHV McGREGOR"]
[Site "Bogota COL"]
[Date "2012.12.14"]
[Round "4.23"]
[White "Hernandez,Crist COL"]
[Black "Vittorino,C"]
[Result "1/2-1/2"]
[WhiteElo "2120"]
[BlackElo "2306"]

1.d4 Nf6 2.c4 g6 3.Nc3 Bg7 4.e4 d6 5.Be2 O-O 6.Nf3 e5 7.Bg5 exd4 8.Nxd4 h6
9.Be3 Nc6 10.Qd2 Kh7 11.Nxc6 bxc6 12.Rd1 Qe7 13.f3 Be6 14.O-O Rfd8 15.Rfe1 d5
16.cxd5 cxd5 17.exd5 Nxd5 18.Nxd5 Rxd5 19.Qc1 Rxd1 20.Bxd1 Qb4 21.Bb3 Bxb2
22.Bc5 Bd4+ 23.Bxd4 Qxd4+ 24.Kh1 Bxb3 25.axb3 c5 26.Re4 Qd5 27.Rh4 h5 28.Rc4 Rd8
29.h4 Qd1+ 30.Qxd1 Rxd1+ 31.Kh2 Rd5 32.Kg3 Kg7 33.b4 cxb4 34.Rxb4 a5 35.Rb6 Rd1
36.Ra6 Ra1 37.Kf4 a4 38.g4 hxg4 39.fxg4 a3 40.Kg3 a2 41.Kh2  1/2-1/2

[Event "TCh-NED Meesterklasse 2012-13"]
[Site "Netherland NED"]
[Date "2012.12.15"]
[Round "5.7"]
[White "Miedema,D"]
[Black "Bosboom,M"]
[Result "0-1"]
[WhiteElo "2373"]
[BlackElo "2390"]

1.d4 Nf6 2.c4 d6 3.Nc3 Nbd7 4.e4 e5 5.Nf3 g6 6.Be2 Bg7 7.O-O O-O 8.Qc2 exd4
9.Nxd4 Re8 10.Rd1 c6 11.Bg5 a5 12.Rd2 a4 13.Rad1 Qa5 14.Nf3 a3 15.Rxd6 axb2
16.e5 Ng4 17.Qxb2 Ndxe5 18.Rd8 Be6 19.Rxa8 Rxa8 20.Nd4 Bxc4 21.Qxb7 Rf8 22.Bd2 Qc5
23.Bc1 Nd3 24.Bxg4 Bxd4 25.Ne4 Qe5 26.Qxc6 Bb5 27.Qb7 Rb8 28.Nf6+ Kg7 29.Rxd3 Qe1+  0-1

[Event "III ITT JAHV McGREGOR"]
[Site "Bogota COL"]
[Date "2012.12.16"]
[Round "9.13"]
[White "Rivera,Alberto"]
[Black "Leon Magallanes,I"]
[Result "1-0"]
[WhiteElo "2357"]
[BlackElo "2096"]

1.d4 Nf6 2.c4 g6 3.Nc3 Bg7 4.e4 d6 5.Be2 O-O 6.Nf3 e5 7.O-O exd4 8.Nxd4 Re8
9.f3 c6 10.Kh1 Na6 11.Bf4 Nh5 12.Be3 f5 13.Qd2 f4 14.Bf2 Be5 15.Rfd1 Qf6
16.Rac1 Ng7 17.a3 Nc7 18.b4 Be6 19.Nxe6 Ngxe6 20.Nd5 Qg7 21.Nxc7 Qxc7 22.c5 dxc5
23.bxc5 Kg7 24.Qd7+ Re7 25.Qxc7 Rxc7 26.Bc4 Re8 27.Rd3 Kf6 28.Rcd1 g5 29.h3 Ree7
30.Kg1 Rc8 31.Kf1 Bc7 32.Rb3 Be5 33.Ke2 Rcc7 34.Rbd3 Rg7 35.a4 Rge7 36.R1d2 Nf8
37.Rd8 Ne6 38.Ra8 a6 39.Rd6 Bc3 40.Kd3 Ba1 41.Kc2 Ke5 42.Bxe6  1-0

[Event "III ITT JAHV McGREGOR"]
[Site "Bogota COL"]
[Date "2012.12.16"]
[Round "9.25"]
[White "Verastegui,Fernando"]
[Black "Barros,C"]
[Result "1/2-1/2"]
[WhiteElo "2077"]
[BlackElo "2238"]

1.d4 Nf6 2.c4 g6 3.Nc3 Bg7 4.e4 d6 5.Nf3 O-O 6.Be2 e5 7.Bg5 h6 8.Bxf6 Qxf6
9.dxe5 dxe5 10.Nd5 Qd8 11.h3 f5 12.Bd3 f4 13.c5 g5 14.Be2 a5 15.Rc1 Kh8 16.Nh2 Nc6
17.O-O Nd4 18.Bg4 Be6 19.Bxe6 Nxe6 20.Qh5 Qe8 21.Qxe8 Rfxe8 22.Rc3 Ra6 23.Rfc1 Rd8
24.Kf1 c6 25.Nb6 Bf8 26.Na4 Kg7 27.Ke2 Rd4 28.Rc4 Rxc4 29.Rxc4 Ra8 30.a3 Rd8
31.Nf3  1/2-1/2

[Event "1st Korbach GM"]
[Site "Korbach GER"]
[Date "2012.12.16"]
[Round "11.3"]
[White "Svane,R"]
[Black "Zwahr,P"]
[Result "1/2-1/2"]
[WhiteElo "2371"]
[BlackElo "2303"]

1.d4 Nf6 2.c4 g6 3.Nc3 Bg7 4.e4 d6 5.Nf3 O-O 6.Be2 e5 7.O-O exd4 8.Nxd4 Re8
9.f3 Nc6 10.Be3 Nh5 11.Qd2 Nxd4 12.Bxd4 Nf4 13.Rfd1 Bxd4+ 14.Qxd4 Nxe2+ 15.Nxe2 b6
16.Nc3 Bb7 17.Rac1 Qg5 18.Nd5 Bxd5 19.cxd5 Re7 20.Qd2 Qe5 21.Rc4 b5 22.Rc6 f5
23.exf5 Qxf5 24.Rdc1 Qf7 25.Re1 Rxe1+ 26.Qxe1 Re8 27.Qc3 Re7 28.h3 Qf4 29.Rxc7 Rxc7
30.Qxc7 Qe3+ 31.Kh1 Qe1+ 32.Kh2 Qe5+ 33.Kh1 Qe1+  1/2-1/2

[Event "19th Zadar Open A"]
[Site "Zadar CRO"]
[Date "2012.12.16"]
[Round "1.18"]
[White "Ivanov,Bor BUL"]
[Black "Schachinger,M"]
[Result "1-0"]
[WhiteElo "2227"]
[BlackElo "2426"]

1.d4 Nf6 2.c4 g6 3.Nc3 Bg7 4.e4 d6 5.Be2 e5 6.Nf3 O-O 7.dxe5 dxe5 8.Qxd8 Rxd8
9.Bg5 c6 10.Nxe5 Re8 11.O-O-O Na6 12.Rd6 Be6 13.f4 Nc5 14.Bf3 h6 15.Bh4 Nfd7
16.Nxd7 Nxd7 17.Kc2 Nf8 18.b3 g5 19.Bg3 gxf4 20.Bxf4 Ng6 21.Be3 Ne5 22.Rhd1 f5
23.Bh5 Nf7 24.R6d2 Re7 25.Bc5 Rc7 26.Rf2 fxe4 27.Nxe4 Kh8 28.Nf6 b6 29.Ba3 c5
30.Re1 Nd8 31.Bb2 Re7 32.Nd5 Bf5+ 33.Rxf5 Rxe1 34.Rf8+ Kh7 35.Nf6+  1-0

[Event "Norberto La Porta Open A"]
[Site "Buenos Aires ARG"]
[Date "2012.12.17"]
[Round "3"]
[White "Fabian,G"]
[Black "Mareco,S"]
[Result "0-1"]
[WhiteElo "2340"]
[BlackElo "2568"]

1.Nf3 Nf6 2.c4 g6 3.Nc3 Bg7 4.d4 O-O 5.e4 d6 6.Be2 e5 7.O-O exd4 8.Nxd4 Re8
9.f3 c6 10.Kh1 Nh5 11.g4 Nf6 12.Bf4 h5 13.g5 Nh7 14.Rg1 Qe7 15.Be3 Nd7 16.Qd2 Nc5
17.Rad1 a5 18.Bf1 a4 19.Re1 f6 20.gxf6 Qxf6 21.Qg2 g5 22.Nc2 Ne6 23.e5 Qxe5
24.Bd4 Qf4 25.Bxg7 Kxg7 26.Re4 Qf8 27.Bd3 Nf4 28.Rxe8 Qxe8 29.Qd2 Nxd3 30.Qxd3 Qe5
31.Re1 Bf5 32.Qd4 Qf6 33.Re7+ Kf8 34.Rxh7 Qxd4 35.Nxd4 Bxh7 36.Ne6+ Ke7  0-1

[Event "15th Padova Open 2012"]
[Site "Padova ITA"]
[Date "2012.12.17"]
[Round "2.7"]
[White "Naumkin,I"]
[Black "Boscolo,F"]
[Result "1/2-1/2"]
[WhiteElo "2500"]
[BlackElo "2320"]

1.d4 Nf6 2.c4 g6 3.Nc3 Bg7 4.e4 d6 5.Nf3 O-O 6.Be2 e5 7.d5 a5 8.Bg5 h6 9.Bh4 Na6
10.Nd2 Qe8 11.O-O Nh7 12.a3 Bd7 13.b3 f5 14.exf5 Bxf5 15.Rc1 e4 16.Kh1 g5
17.Bg3 Nf6 18.Re1 Qg6 19.Nf1 h5 20.h3 g4 21.h4 Rae8 22.Ne3 Nd7 23.Nb5 Ndc5
24.Rb1 Nd3 25.Rf1 Be5 26.Qd2 Qf6 27.Qxa5 Bg6 28.Kg1 Nf4 29.Rbe1 Nc5 30.Qxc7 Nxb3
31.Bxf4 Bxf4 32.g3 Be5 33.Rd1 Rf7 34.Qb6 Nc5 35.Bxg4 hxg4 36.Nxg4 Qg7 37.Nxe5 Qxe5
38.Qxd6 e3 39.Qxe5 Rxe5 40.fxe3 Rxf1+ 41.Rxf1 Rxe3 42.Kh2  1/2-1/2

[Event "11th IM Int"]
[Site "Sao Jose do Rio Preto BRA"]
[Date "2012.12.17"]
[Round "1.2"]
[White "Barreto Filho,C"]
[Black "Rocha,W"]
[Result "1/2-1/2"]
[WhiteElo "2258"]
[BlackElo "2427"]

1.d4 Nf6 2.c4 g6 3.Nc3 Bg7 4.e4 O-O 5.Nf3 d6 6.Be2 e5 7.O-O Na6 8.Be3 Qe8
9.dxe5 dxe5 10.Nd2 Be6 11.a3 Nd7 12.b4 c6 13.c5 Nc7 14.Nc4 Bxc4 15.Bxc4 Ne6
16.Ne2 Qe7 17.Ra2 Rfe8 18.Rd2 Ndf8 19.Qb3 a6 20.Rfd1 Qh4 21.f3 Rab8 22.Rd6 Rbd8
23.Bf2 Qg5 24.Rxd8 Rxd8 25.Rxd8 Qxd8 26.Qd3 Qxd3 27.Bxd3 Bh6 28.Bc4 Kg7 29.Kf1 Bd2
30.Be1 Be3 31.Bf2 Bg5 32.Ke1 Kf6 33.Kd1 Nc7 34.Nc1 Nfe6 35.Nb3 Nd8 36.Kc2 Bf4
37.g3 Bh6 38.Na5 Ke7 39.Bf1 f6 40.Bh3 Nce6 41.Kc3 Bc1 42.a4 h5 43.Nb3 Bh6
44.Kc4 Ng5 45.Bg2 Nge6 46.Bh3 Ng5 47.Bg2 Nge6 48.Na5 f5 49.Kd3 Kf6 50.Nc4 Nf7
51.Na5 Nfd8 52.Be1 h4 53.Bc3 hxg3 54.hxg3 Bf4 55.Be1 Bc1 56.Bc3 Bf4 57.Be1 Bc1
58.Nc4 Nf7 59.Na5 Nfd8 60.Bc3 Bf4 61.Be1 Bc1  1/2-1/2

[Event "Subotica IM 2012"]
[Site "Subotica SRB"]
[Date "2012.12.17"]
[Round "5.5"]
[White "Sertic,Ru"]
[Black "Cabarkapa,N"]
[Result "1-0"]
[WhiteElo "2374"]
[BlackElo "2313"]

1.Nf3 Nf6 2.c4 g6 3.Nc3 Bg7 4.e4 d6 5.d4 O-O 6.Be2 e5 7.d5 a5 8.h3 Na6 9.Bg5 Nc5
10.Nd2 h6 11.Be3 Ne8 12.g4 f5 13.exf5 gxf5 14.Qc2 Na6 15.f3 c6 16.O-O-O e4
17.fxe4 f4 18.Bf2 Nb4 19.Qb3 c5 20.a3 a4 21.Nxa4 Bd7 22.Nc3 Bxc3 23.bxc3 Ba4
24.Qb2 Bxd1 25.Rxd1 Na6 26.g5 hxg5 27.Rg1 Rf7 28.Bg4 Nac7 29.h4 Rg7 30.hxg5 Qxg5
31.Nf3 Qe7 32.Bf5 Rxg1+ 33.Bxg1 Ng7 34.Qg2 Qf6 35.Kb2 Kf7 36.Bh7 Qh6 37.e5 Ke7
38.exd6+ Kxd6 39.Bxc5+ Kxc5 40.Qf2+ Kxc4 41.Qd4+ Kb5 42.Bd3+  1-0

[Event "19th Zadar Open B"]
[Site "Zadar CRO"]
[Date "2012.12.17"]
[Round "2.6"]
[White "Medic,Milj"]
[Black "Tesla,Miro"]
[Result "0-1"]
[WhiteElo "2231"]
[BlackElo "2017"]

1.d4 Nf6 2.c4 g6 3.Nc3 Bg7 4.e4 d6 5.Nf3 O-O 6.Be2 Na6 7.O-O e5 8.Be3 Ng4
9.Bg5 Qe8 10.Re1 h6 11.Bc1 Nf6 12.Bf1 Bg4 13.d5 Nh7 14.h3 Bxf3 15.Qxf3 f5
16.exf5 gxf5 17.h4 Qg6 18.Bd2 Nf6 19.Rad1 Ng4 20.Be2 Bf6 21.Qh3 h5 22.f3 Nh6
23.b4 Rae8 24.Bd3 Kh8 25.Bxh6 Qxh6 26.Bxf5 Bxh4 27.Qxh4 Rxf5 28.Ne4 Rg8 29.Kf2 Qg6
30.g4 Qxg4 31.Qxg4 hxg4 32.Re3 Rgf8  0-1

[Event "19th Zadar Open A"]
[Site "Zadar CRO"]
[Date "2012.12.18"]
[Round "4.9"]
[White "Kreisl,R"]
[Black "Jovanovic,Zo CRO"]
[Result "1/2-1/2"]
[WhiteElo "2419"]
[BlackElo "2503"]

1.Nf3 g6 2.d4 Bg7 3.c4 Nf6 4.Nc3 O-O 5.e4 d6 6.Be2 e5 7.O-O c6 8.d5 Na6 9.Ne1 c5
10.a3 Nd7 11.Nd3 Qe7 12.b4 f5 13.f3 f4 14.Bd2 h5 15.Rb1 g5 16.h3 Rf7 17.Na4 b6
18.Nf2 Bf8 19.Be1 Rg7 20.Rb3 Rg6 21.Nb2 Qg7 22.Nbd3 Be7 23.Rb2 Nf6 24.bxc5 Nxc5
25.Nxc5 bxc5 26.Qa4 Bd7 27.Qa6 Kh7 28.Qb7 Qf8 29.Ba5 Rg7 30.Bc7 Rg8 31.Rfb1 Qg7
32.Qa6 Bc8 33.Qc6 Bd7 34.Qa6 Bc8 35.Qc6  1/2-1/2

[Event "11th IM Int"]
[Site "Sao Jose do Rio Preto BRA"]
[Date "2012.12.19"]
[Round "4.5"]
[White "Barreto Filho,C"]
[Black "Oliveira,Si"]
[Result "1/2-1/2"]
[WhiteElo "2258"]
[BlackElo "2321"]

1.Nf3 Nf6 2.c4 g6 3.Nc3 Bg7 4.d4 O-O 5.e4 d6 6.Be2 e5 7.O-O exd4 8.Nxd4 Re8
9.f3 c6 10.Kh1 Nbd7 11.Nb3 Qe7 12.Be3 a5 13.a4 Ne5 14.c5 d5 15.exd5 Nxd5
16.Nxd5 cxd5 17.Bb5 Nc6 18.Bxc6 bxc6 19.Bd4 Bxd4 20.Nxd4 Bd7 21.Qc2 Rab8
22.Qc3 Rb4 23.b3  1/2-1/2

[Event "Norberto La Porta Open A"]
[Site "Buenos Aires ARG"]
[Date "2012.12.20"]
[Round "5"]
[White "Vazquez,M"]
[Black "Pichot,A"]
[Result "0-1"]
[WhiteElo "2110"]
[BlackElo "2300"]

1.d4 Nf6 2.c4 g6 3.Nc3 Bg7 4.e4 d6 5.Nf3 O-O 6.Be2 Na6 7.O-O e5 8.Re1 Qe8
9.Bf1 Bg4 10.d5 Nb4 11.Be2 a5 12.Be3 Nh5 13.a3 Na6 14.Nd2 Bxe2 15.Qxe2 f5
16.f3 Nf4 17.Qf1 Qd7 18.Rab1 a4 19.b4 axb3 20.Nxb3 c5 21.Nc1 Nh5 22.exf5 gxf5
23.Rb3 Rae8 24.Nd3 e4 25.fxe4 fxe4 26.Qe2 exd3 27.Qxh5 d2  0-1

[Event "11th IM Int"]
[Site "Sao Jose do Rio Preto BRA"]
[Date "2012.12.21"]
[Round "7.2"]
[White "Abdalla,L"]
[Black "Oliveira,Si"]
[Result "0-1"]
[WhiteElo "2322"]
[BlackElo "2321"]

1.d4 Nf6 2.c4 g6 3.Nc3 Bg7 4.e4 d6 5.Nf3 O-O 6.Be2 e5 7.O-O exd4 8.Nxd4 Re8
9.f3 c6 10.Kh1 Nbd7 11.Be3 a6 12.Nc2 Ne5 13.f4 Neg4 14.Bg1 h5 15.Bf3 g5 16.e5 dxe5
17.Qxd8 Rxd8 18.fxg5 Nh7 19.h3 f5 20.hxg4 hxg4 21.Rad1 Be6 22.Be2 Nxg5 23.Bb6 Rf8
24.Ne3 g3 25.c5 f4 26.Nc4 e4 27.Nd6 f3 28.Bc4 Bxc4 29.Nxc4 Rf4 30.gxf3 exf3
31.Rxf3 Nxf3 32.Ne3 Re8 33.Rd8 Rxd8 34.Bxd8 Bxc3 35.bxc3 Re4 36.Nf1 Re2  0-1

[Event "Groningen Open A"]
[Site "Groningen NED"]
[Date "2012.12.23"]
[Round "3.12"]
[White "Pacher,M"]
[Black "Wallace,JP"]
[Result "0-1"]
[WhiteElo "2436"]
[BlackElo "2398"]

1.d4 Nf6 2.c4 g6 3.Nc3 Bg7 4.e4 d6 5.Nf3 O-O 6.Be2 Na6 7.O-O e5 8.Re1 Qe8
9.Bf1 Bg4 10.dxe5 dxe5 11.h3 Rd8 12.Nd5 Bxf3 13.Qxf3 Nd7 14.c5 Ndxc5 15.Bxa6 Nxa6
16.Bg5 Rd7 17.Rad1 Qe6 18.Qg4 f5 19.Qh4 Rdf7 20.b3 f4 21.Be7 Re8 22.Ba3 Bf8
23.Bb2 c6 24.Nc3 h5 25.Rd8 Rxd8 26.Qxd8 f3 27.Re3 fxg2 28.Kxg2 Kh7 29.f3 Be7
30.Qa8 Bc5 31.Rd3 Nb4 32.Rd8 Qf6 33.f4 Nd3 34.Rxd3 Qxf4 35.Rd1 Qf3+ 36.Kh2 Qf2+
37.Kh1 Qf3+ 38.Kh2 Qf2+ 39.Kh1 Qxb2 40.Qe8 Qf2 41.Qxe5 Qf3+ 42.Kh2 Qf2+ 43.Kh1 Qf3+
44.Kh2 Be3  0-1

[Event "11th IM Int"]
[Site "Sao Jose do Rio Preto BRA"]
[Date "2012.12.23"]
[Round "9.1"]
[White "Abdalla,L"]
[Black "Freitas,R"]
[Result "1/2-1/2"]
[WhiteElo "2322"]
[BlackElo "2279"]

1.d4 Nf6 2.c4 g6 3.Nc3 Bg7 4.Nf3 O-O 5.e4 d6 6.Be2 e5 7.O-O exd4 8.Nxd4 Re8
9.f3 c6 10.Kh1 Nbd7 11.Bg5 Qb6  1/2-1/2

[Event "Norberto La Porta Open A"]
[Site "Buenos Aires ARG"]
[Date "2012.12.26"]
[Round "8"]
[White "Mareco,S"]
[Black "Pichot,A"]
[Result "1-0"]
[WhiteElo "2568"]
[BlackElo "2300"]

1.d4 Nf6 2.c4 g6 3.Nc3 Bg7 4.e4 d6 5.Be2 O-O 6.Nf3 e5 7.O-O exd4 8.Nxd4 Re8
9.f3 Nc6 10.Nc2 Nh5 11.Be3 f5 12.Qd2 Nf6 13.Bg5 fxe4 14.fxe4 Rf8 15.Rf2 Be6
16.Raf1 Rf7 17.Qf4 Qf8 18.Qh4 Nd7 19.Bg4 Bxg4 20.Rxf7 Qe8 21.Qxg4 Nde5 22.Rxg7+  1-0